Tuyển tập 180 bài toán bất đẳng thức

Tallennettuna:
Bibliografiset tiedot
Päätekijä: Võ Đại Mau
Aineistotyyppi: Kirja
Kieli:Undetermined
Julkaistu: Tp. HCM Trẻ 1994
Aiheet:
Tagit: Lisää tagi
Ei tageja, Lisää ensimmäinen tagi!
Thư viện lưu trữ: Trung tâm Học liệu Trường Đại học Cần Thơ
LEADER 00516nam a2200181Ia 4500
001 CTU_1695
008 210402s9999 xx 000 0 und d
082 |a 513.4 
082 |b M111tm 
100 |a Võ Đại Mau 
245 0 |a Tuyển tập 180 bài toán bất đẳng thức 
245 0 |c Võ Đại Mau 
260 |a Tp. HCM 
260 |b Trẻ 
260 |c 1994 
650 |a mathematics - problems, exercises 
904 |i Minh, 960819 
980 |a Trung tâm Học liệu Trường Đại học Cần Thơ